5 pays les plus médaillés par jeux olympiques d'été - Statistiques

Statistiques générales
  • Ce quiz a été pris 252 fois
    98 depuis la dernière actualisation
  • Le résultat moyen est 133 sur 150
Statistiques - réponses
Jeux Olympiques Pays Nombre Médailles % Correct
Athènes 1896 États Unis 20
100%
Paris 1900 États Unis 47
100%
Saint Louis 1904 États Unis 231
100%
Londres 1908 États Unis 47
100%
Stockholm 1912 États Unis 63
100%
Anvers 1920 États Unis 95
100%
Paris 1924 États Unis 99
100%
Amsterdam 1928 États Unis 56
100%
Los Angeles 1932 États Unis 103
100%
Berlin 1936 États Unis 56
100%
Londres 1948 États Unis 84
100%
Helsinki 1952 États Unis 76
100%
Melbourne 1956 États Unis 74
100%
Rome 1960 États Unis 71
100%
Tokyo 1964 États Unis 90
100%
Mexico 1968 États Unis 107
100%
Munich 1972 États Unis 94
100%
Montréal 1976 États Unis 94
100%
Los Angeles 1984 États Unis 174
100%
Séoul 1988 États Unis 94
100%
Barcelone 1992 États Unis 108
100%
Atlanta 1996 États Unis 101
100%
Sydney 2000 États Unis 93
100%
Athènes 2004 États Unis 101
100%
Pékin 2008 États Unis 112
100%
Londres 2012 États Unis 104
100%
Rio 2016 États Unis 121
100%
Tokyo 2020 États Unis 113
100%
Paris 2024 États Unis 126
100%
Los Angeles 1984 Chine 32
98%
Barcelone 1992 Chine 54
98%
Atlanta 1996 Chine 50
98%
Sydney 2000 Chine 58
98%
Athènes 2004 Chine 63
98%
Pékin 2008 Chine 100
98%
Londres 2012 Chine 92
98%
Rio 2016 Chine 70
98%
Tokyo 2020 Chine 89
98%
Paris 2024 Chine 91
98%
Los Angeles 1932 Japon 18
98%
Tokyo 1964 Japon 29
98%
Mexico 1968 Japon 25
98%
Munich 1972 Japon 29
98%
Montréal 1976 Japon 25
98%
Athènes 2004 Japon 37
98%
Tokyo 2020 Japon 58
98%
Paris 2024 Japon 45
98%
Athènes 1896 Allemagne 13
96%
Saint Louis 1904 Allemagne 15
96%
Londres 1908 Allemagne 13
96%
Amsterdam 1928 Allemagne 31
96%
Berlin 1936 Allemagne 89
96%
Barcelone 1992 Allemagne 82
96%
Atlanta 1996 Allemagne 65
96%
Sydney 2000 Allemagne 56
96%
Pékin 2008 Allemagne 41
96%
Rio 2016 Allemagne 42
96%
Munich 1972 Allemagne de l'Ouest 40
96%
Montréal 1976 Allemagne de l'Ouest 39
96%
Los Angeles 1984 Allemagne de l'Ouest 59
96%
Séoul 1988 Allemagne de l'Ouest 40
96%
Melbourne 1956 Australie 35
96%
Rome 1960 Australie 22
96%
Sydney 2000 Australie 58
96%
Athènes 2004 Australie 50
96%
Paris 2024 Australie 53
96%
Athènes 1896 France 11
96%
Paris 1900 France 102
96%
Londres 1908 France 19
96%
Stockholm 1912 France 14
96%
Paris 1924 France 38
96%
Los Angeles 1932 France 19
96%
Berlin 1936 France 19
96%
Londres 1948 France 29
96%
Atlanta 1996 France 37
96%
Paris 2024 France 64
96%
Athènes 1896 Royaume Uni 7
96%
Paris 1900 Royaume Uni 30
96%
Londres 1908 Royaume Uni 146
96%
Stockholm 1912 Royaume Uni 41
96%
Anvers 1920 Royaume Uni 42
96%
Paris 1924 Royaume Uni 34
96%
Pékin 2008 Royaume Uni 51
96%
Londres 2012 Royaume Uni 65
96%
Rio 2016 Royaume Uni 67
96%
Tokyo 2020 Royaume Uni 64
96%
Saint Louis 1904 Canada 6
93%
Atlanta 1996 Russie 63
93%
Sydney 2000 Russie 89
93%
Athènes 2004 Russie 90
93%
Pékin 2008 Russie 60
93%
Londres 2012 Russie 66
93%
Rio 2016 Russie 56
93%
Paris 1924 Italie 16
91%
Amsterdam 1928 Italie 19
91%
Los Angeles 1932 Italie 36
91%
Berlin 1936 Italie 22
91%
Londres 1948 Italie 27
91%
Helsinki 1952 Italie 21
91%
Melbourne 1956 Italie 25
91%
Rome 1960 Italie 36
91%
Tokyo 1964 Italie 27
91%
Moscou 1980 Italie 15
91%
Los Angeles 1984 Italie 32
91%
Rome 1960 Équipe Unifiée d'Allemagne 42
89%
Tokyo 1964 Équipe Unifiée d'Allemagne 50
89%
Séoul 1988 Corée du Sud 33
85%
Londres 2012 Corée du Sud 30
85%
Athènes 1896 Grèce 47
84%
Tokyo 2020 Athlètes Olympiques de Russie 71
83%
Barcelone 1992 Équipe unifiée de l'ex Urss 112
83%
Helsinki 1952 Union Soviétique 71
83%
Melbourne 1956 Union Soviétique 98
83%
Rome 1960 Union Soviétique 103
83%
Tokyo 1964 Union Soviétique 96
83%
Mexico 1968 Union Soviétique 91
83%
Munich 1972 Union Soviétique 99
83%
Montréal 1976 Union Soviétique 125
83%
Moscou 1980 Union Soviétique 195
83%
Séoul 1988 Union Soviétique 132
83%
Londres 1908 Suède 25
79%
Stockholm 1912 Suède 65
79%
Anvers 1920 Suède 64
79%
Amsterdam 1928 Suède 25
79%
Los Angeles 1932 Suède 23
79%
Londres 1948 Suède 44
79%
Helsinki 1952 Suède 35
79%
Mexico 1968 Allemagne de l'Est 25
73%
Munich 1972 Allemagne de l'Est 66
73%
Montréal 1976 Allemagne de l'Est 90
73%
Moscou 1980 Allemagne de l'Est 126
73%
Séoul 1988 Allemagne de l'Est 102
73%
Anvers 1920 Belgique 36
72%
Paris 1900 Suisse 9
68%
Stockholm 1912 Finlande 26
65%
Anvers 1920 Finlande 34
65%
Paris 1924 Finlande 37
65%
Amsterdam 1928 Finlande 25
65%
Berlin 1936 Finlande 19
65%
Saint Louis 1904 Hongrie 4
58%
Berlin 1936 Hongrie 16
58%
Londres 1948 Hongrie 27
58%
Helsinki 1952 Hongrie 42
58%
Melbourne 1956 Hongrie 26
58%
Mexico 1968 Hongrie 32
58%
Saint Louis 1904 Cuba 3
43%
Moscou 1980 Cuba 20
43%
Barcelone 1992 Cuba 31
43%
Los Angeles 1984 Roumanie 53
41%
Moscou 1980 Bulgarie 41
33%
Aucun quiz correspondant
Distribution des résultats
% des personnes avec chaque résultat
Percentile par nombre de réponses
Votre historique - résultats
Vous n’avez pas pris ce quiz depuis la dernière actualisation